000 01131naa a2200301 c 4500
001 47627
003 ES-MaCES
005 20160505143214.0
008 160505s2015 us ||||| t||||||| ||eng d
040 _aES-MaCES
_bspa
_cES-MaCES
_dES-MaCES
100 1 _936880
_aMears, Ashley
245 1 0 _aWorking for free in the VIP
_b: relational work and the production of consent
_cAshley Mears
500 _aResumen
504 _aBibliografía: p. 1120-1122
650 4 _928657
_amujeres
650 4 _928413
_atrabajadora
650 4 _928336
_atrabajo nocturno
650 4 _929956
_aocupación no tradicional
650 4 _930202
_abar
650 4 _927051
_aprostitución
650 4 _928327
_acondiciones de trabajo
650 4 _928369
_arelaciones laborales
650 4 _930887
_aprocedimiento laboral
653 1 0 _aMujer
773 0 _983897
_dWashington, D.C. (1722 N Street, NW, 20036) American Sociological Association [ca. 1935]-
_o086799
_tAmerican sociological review
_w(ES-MaCES)25707
_gvol. 80, no. 6 (Dec. 2015) {10706 R. 086799} ;p. 1099-1122
902 _aART Artículo de revista
942 _2CES
_cAR
_h3.3.
999 _c47627
_d47627